La tierra de los fuegos: historia, geografía, sociedad, economía

Saved in:
書目詳細資料
主要作者: Martinic Beros, Mateo (autor)
格式: 圖書
語言:西班牙语
出版: Porvenir Municipalidad de Porvenir, Tierra del Fuego 1981
主題:
標簽: 添加標簽
沒有標簽, 成為第一個標記此記錄!

MARC

LEADER 00000cam a2200000 a 4500
001 UCU2076
003 CL-VaPUC
008 960419e19810000CL |||||||||||||||||spa|d
082 0 4 |a 918.83  |b MAR  |2 21 
100 |a Martinic Beros, Mateo  |e autor  |9 315280 
245 1 3 |a La tierra de los fuegos: historia, geografía, sociedad, economía 
300 |a 221 p 
942 |c BK 
945 |d 19960419 00:00:00  |a paguirre 
260 |a Porvenir  |b Municipalidad de Porvenir, Tierra del Fuego  |c 1981 
650 0 |a Geografía económica   |9 267757 
650 0 |a Geografía física   |9 259347 
650 0 |a Historia de Chile  |9 265473 
650 0 |a Desarrollo económico y social   |9 256320 
650 0 |a Recursos naturales  |9 255232 
651 0 |a Tierra del Fuego   |9 345728 
651 7 |a PUNTA ARENAS  |2 CL-VaPUC  |9 314722 
651 7 |a CHILE  |2 CL-VaPUC  |9 357945 
583 |a last modification  |c 20150826 09:58:57  |k Rodrigo Vera 
999 |c 246469  |d 246467 
952 |0 0  |1 0  |4 0  |6 918_830000000000000_MAR_1981  |7 0  |8 A  |9 261472  |a BIBING  |b BIBING  |d 2019-11-19  |i 2018802  |l 1  |o 918.83 MAR 1981  |p 2018802  |r 2025-01-20  |s 2024-05-16  |w 2019-11-19  |y BK  |k GEO